<?xml version="1.0" encoding="UTF-8"?><?xml-stylesheet type="text/xsl" href="static/style.xsl"?><OAI-PMH xmlns="http://www.openarchives.org/OAI/2.0/" xmlns:xsi="http://www.w3.org/2001/XMLSchema-instance" xsi:schemaLocation="http://www.openarchives.org/OAI/2.0/ http://www.openarchives.org/OAI/2.0/OAI-PMH.xsd"><responseDate>2026-06-01T04:35:42Z</responseDate><request verb="GetRecord" identifier="oai:riuma.uma.es:10630/31302" metadataPrefix="marc">https://riuma.uma.es/rest/oai/request</request><GetRecord><record><header><identifier>oai:riuma.uma.es:10630/31302</identifier><datestamp>2026-02-03T11:26:49Z</datestamp><setSpec>com_10630_2254</setSpec><setSpec>col_10630_37953</setSpec></header><metadata><record xmlns="http://www.loc.gov/MARC21/slim" xmlns:dcterms="http://purl.org/dc/terms/" xmlns:doc="http://www.lyncode.com/xoai" xmlns:xsi="http://www.w3.org/2001/XMLSchema-instance" xsi:schemaLocation="http://www.loc.gov/MARC21/slim http://www.loc.gov/standards/marcxml/schema/MARC21slim.xsd">
   <leader>00925njm 22002777a 4500</leader>
   <datafield ind2=" " ind1=" " tag="042">
      <subfield code="a">dc</subfield>
   </datafield>
   <datafield ind2=" " ind1=" " tag="720">
      <subfield code="a">Von-Essen, María Clara</subfield>
      <subfield code="e">author</subfield>
   </datafield>
   <datafield ind2=" " ind1=" " tag="260">
      <subfield code="c">2023-01-18</subfield>
   </datafield>
   <datafield ind2=" " ind1=" " tag="520">
      <subfield code="a">This paper explores from a qualitative and quantitative approach, the complex interactions between second dialect accommodation or acquisition, language socialization, ideologies, family language policies, and identity, among Argentinean immigrants living in Malaga, Spain (n = 72). We found that family language policies – and more specifically mothers’ language policies and their stances towards both varieties in contact – shape their children’s development, connect with their formal school success, determine D1 maintenance, and even affect identity projection. We also found discrepancies between conservative family language policies and linguistic production: what families try to do with language does not always match their own linguistic performance. Through the analysis of different language components – phonological, morpho-syntactic, and lexical – we conclude that linguistic accommodation or second dialect acquisition does not always follow a linear path to assimilation, but it is related to early stages of exposure and formal education in the D2 community (optimal age acquisition period), takes place to improve mutual intelligibility, derives from both unconscious and conscious decisions to change D1, and allows speakers to showcase different identities through accommodation or divergence.</subfield>
   </datafield>
   <datafield ind1="8" ind2=" " tag="024">
      <subfield code="a">von Essen, M. (2023). Identity, language socialization, and family language policies in dialect contact: the case of Argentinean immigrants in Malaga, Spain. Journal of World Languages, 9(1), 133-160. https://doi.org/10.1515/jwl-2022-0056</subfield>
   </datafield>
   <datafield ind1="8" ind2=" " tag="024">
      <subfield code="a">https://hdl.handle.net/10630/31302</subfield>
   </datafield>
   <datafield ind1="8" ind2=" " tag="024">
      <subfield code="a">10.1515/jwl-2022-0056</subfield>
   </datafield>
   <datafield tag="653" ind2=" " ind1=" ">
      <subfield code="a">Español - Dialectología</subfield>
   </datafield>
   <datafield tag="653" ind2=" " ind1=" ">
      <subfield code="a">Inmigrantes - Argentina</subfield>
   </datafield>
   <datafield tag="653" ind2=" " ind1=" ">
      <subfield code="a">Identidad colectiva</subfield>
   </datafield>
   <datafield ind2="0" ind1="0" tag="245">
      <subfield code="a">Identity, language socialization, and family language policies in dialect contact: the case of Argentinean immigrants in Malaga, Spain.</subfield>
   </datafield>
</record>
</metadata></record></GetRecord></OAI-PMH>